000 00830nam a2200253Ia 4500
003 OSt
005 20220925212501.0
006 a|||||r|||| 00| 0
007 ta
008 220923b |||||||| |||| 00| 0 eng d
020 _a004710028
037 _cGeneral Book
040 _aRTL
_cRTL
_beng
041 _2eng
_aeng
082 _aU.572.N8, M4
100 _aOlwig Kenneth
_9276889
245 0 _aNature's ideological landscape
_b A literary and geographic perspective on itsdevelopment and perservation on denmark's Jutland heath
260 _aLondon
_bAllen & Unwin UK
_c1984
300 _axix,115p. Bib chapterwise
_ccm.
490 _aLondon Research sereis in Geography.5
650 _aGeography- Europe
_9231495
942 _hU.572.N8, M4
_cGB
_2CC
999 _c560488
_d560488